Эффективность отделения фрезерного торфа от воздуха в отделителях циклон+бункер; Труды Всесоюзного научно-исследовательского института торфяной промышленности; Вып. 18

Bibliographic Details
Parent link:Труды Всесоюзного научно-исследовательского института торфяной промышленности/ Всесоюзный научно-исследовательский институт торфяной промышленности.— , 1956-1967
Вып. 18.— 1961.— С. 17-24
Main Author: Горенштейн А. Б.
Other Authors: Кащенко Л. С.
Language:Russian
Published: 1961
Series:Комплексная механизация торфодобывания
Format: Book Chapter
KOHA link:https://koha.lib.tpu.ru/cgi-bin/koha/opac-detail.pl?biblionumber=206243

MARC

LEADER 00000naa2a2200000 4500
001 206243
005 20231031190712.0
035 |a (RuTPU)RU\TPU\book\224815 
035 |a RU\TPU\book\224814 
090 |a 206243 
100 |a 20111229d1961 k y0rusy50 ca 
101 0 |a rus 
102 |a RU 
200 1 |a Эффективность отделения фрезерного торфа от воздуха в отделителях циклон+бункер  |f А. Б. Горенштейн, Л. С. Кащенко 
225 1 |a Комплексная механизация торфодобывания 
461 0 |0 (RuTPU)RU\TPU\book\224773  |t Труды Всесоюзного научно-исследовательского института торфяной промышленности  |f Всесоюзный научно-исследовательский институт торфяной промышленности  |d 1956-1967 
463 0 |0 (RuTPU)RU\TPU\book\224810  |t Вып. 18  |v С. 17-24  |d 1961  |p 264 с. 
700 1 |a Горенштейн  |b А. Б. 
701 1 |a Кащенко  |b Л. С. 
801 1 |a RU  |b 63413507  |c 20111229 
801 2 |a RU  |b 63413507  |c 20111229  |g RCR 
942 |c BK